000 01393nam0a2200349 4500
001 RU\NLR\bibl\345315
005 20260405140250.0
021 _aRU
_b2002-45623
_92209
035 _a(NLR Aleph) 000340140
090 _a211333
_c211333
100 _a20021203d2002 |||y0rusy50 ca
101 0 _arus
102 _aRU
105 _aac |||||||||
200 1 _aПровинциальная культура Оренбурга второй половины XIX - начала ХХ века
_fВ.А. Колесникова
_gОренбург. гос. аграр. ун-т
210 _aОренбург
_cОГАУ
_d2002
215 _a119, [1] с., [12] л. ил.
_d20
320 _aБиблиогр.: с. 115-119
607 _aОренбургская губерния
_xКультура
_z19 - 20 вв.
_92269911
_3RU\NLR\auth\661360563
610 0 _aКультурная жизнь в Оренбургской губернии - История
675 _a008(470.56)(091)
_v3
_zrus
686 _a13
_2rugasnti
686 _a63.3(2Рос)
_2rubbk
686 _aТ3(2Р-4Ор)5-7
700 1 _4070
_7ca
_8rus
_aКолесникова
_bВ. А.
_gВероника Анатольевна
_939454
_3RU\NLR\auth\7756522
801 0 _aRU
_bRKP
_c20021203
_gPSBO
801 1 _aRU
_bRKP
_c20021203
801 2 _aRU
_bNLR
_c20080114
_grcr
942 _cBOOK
980 _aNB